| 000 | 00475nam a2200169 i 4500 | ||
|---|---|---|---|
| 001 | bg | ||
| 100 | 1 | _aHORST, Carl | |
| 245 | 0 |
_aDie Architektur der Deutschen Renaissance / _cvon Carl Horst. |
|
| 260 |
_aBerlin : _bPropyläen-Verlag, _c1928. |
||
| 300 |
_a326, [1] s., 16 k. tabl. : _bil. ; _c27 cm. |
||
| 650 | 9 |
_aArchitektura niemiecka _y14-16 w. |
|
| 040 | _cBPK | ||
| 041 | _apol | ||
| 080 | _a72(430)"13/15" | ||
| 942 | _cKS | ||
| 008 | s pl f |000 0 pol | ||
| 999 |
_c7858 _d7858 |
||
| 856 |
_uhttp://koha.tu.koszalin.pl/cgi-bin/koha/opac-detail.pl?biblionumber=7858 _yKatalog online BPK |
||